Normal view MARC view
  • VISHWAKARMA , DR. KAILASH

Entry Personal Name

Number of records used in: 3

001 - CONTROL NUMBER

  • control field: 8439

003 - CONTROL NUMBER IDENTIFIER

  • control field: JRU

005 - DATE AND TIME OF LATEST TRANSACTION

  • control field: 20240705150231.0

008 - FIXED-LENGTH DATA ELEMENTS

  • fixed length control field: 240705|| aca||aabn | a|a d

040 ## - CATALOGING SOURCE

  • Original cataloging agency: JRU
  • Transcribing agency: JRU

100 ## - HEADING--PERSONAL NAME

  • Personal name: VISHWAKARMA , DR. KAILASH

670 ## - SOURCE DATA FOUND

  • Source citation: Work cat.: (JRU)8544: VISHWAKARMA , DR. KAILASH, VEDIC GANIT AATIT, VARTMAN, EVAM BHAVISHYA